| 000 | 00813cam a2200265 4500 | ||
|---|---|---|---|
| 001 | 4098972 | ||
| 003 | OSt | ||
| 005 | 20150602130757.0 | ||
| 008 | 710706s1971 nyua b 000 0 eng | ||
| 010 | _a 74132663 | ||
| 020 | _a0060454113 | ||
| 040 |
_aDLC _cDLC _dDLC |
||
| 050 | 0 | 0 |
_aLB1051 _b.R54 1971 |
| 082 | 0 | 0 | _a150 REA 1971 |
| 100 | 1 |
_aRipple, Richard E., _eed. _95139 |
|
| 245 | 1 | 0 |
_aReadings in learning and human abilities; _beducational psychology. _cEdited by Richard E. Ripple. |
| 250 | _a2d ed. | ||
| 260 |
_aNew York, _bHarper & Row _c[1971] |
||
| 300 |
_axvii, 484 p. _billus. _c24 cm. |
||
| 490 | 0 | _aExploration series in education | |
| 504 | _aIncludes bibliographies. | ||
| 650 | 0 |
_aEducational psychology. _95140 |
|
| 906 |
_a7 _bcbc _corignew _d2 _encip _f19 _gy-gencatlg |
||
| 942 |
_2z _cSLOAN |
||
| 999 |
_c1956 _d1956 |
||